Deutsche Prominente der 2000er - Statistiken

Allgemein
  • Dieses Quiz wurde 629 mal gespielt
  • Das Durchschnittsergebnis liegt bei 12 aus 20
Antwortstatistiken
Bildquiz Antwort % Korrekt
Stefan Raab
98%
Dieter Bohlen
97%
Günther Jauch
94%
Michael Schumacher
90%
Til Schweiger
90%
Michael Ballack
84%
Bill Kaulitz
83%
Michael Herbig
80%
Miroslav Klose
80%
Bushido
76%
Jimi Blue Ochsenknecht
73%
Joseph Ratzinger
67%
Lena Gercke
39%
Barbara Salesch
38%
Gina-Lisa Lohfink
38%
Xavier Naidoo
38%
Gülcan Kamps
28%
Indira Weis
16%
Carsten Spengemann
15%
Nadja Benaissa
9%
Keine übereinstimmenden Quizze gefunden
Verteilung der Resultate
Anzahl Personen mit jedem Resultat
Perzentil nach korrekt beantworteten Fragen
Ihre Resultats-Entwicklung
Sie haben dieses Quiz noch nicht gespielt